[Event "Nittenau-ch 10th"]
[Site "Nittenau"]
[Date "2010.10.04"]
[Round "1"]
[White "Riedl, Maximilian"]
[Black "Auchtor, Heribert"]
[Result "0-1"]
[WhiteElo "1869"]
[BlackElo "1399"]
[PlyCount "72"]
[EventDate "2010.09.17"]
[EventType "swiss"]
[EventRounds "5"]
[EventCountry "GER"]
[SourceTitle "EXT 2022"]
[Source "ChessBase"]
[SourceDate "2021.10.06"]
[SourceVersion "1"]
[SourceVersionDate "2021.10.06"]
[SourceQuality "1"]

1. d4 Nf6 2. Nf3 e6 3. Bg5 h6 4. Bxf6 Qxf6 5. e4 Bb4+ 6. c3 Ba5 7. a4 c6 8. Nbd2 0-0 9. Bd3 d6 10. 0-0 e5 11. b4 Bc7 12. Re1 Bg4 13. h3 Bh5 14. dxe5 dxe5 15. Qe2 a5 16. Reb1 Na6 17. Qe3 Qe7 18. Bxa6 Rxa6 19. Nc4 Re8 20. b5 cxb5 21. axb5 Rf6 22. b6 Rxf3 23. gxf3 Qh4 24. Kh2 Bd8 25. Rxa5 Bg5 26. Qc5 Bxf3 27. Rg1 Bf4+ 28. Rg3 Bg4 29. Ra2 Qxh3+ 30. Kg1 Bxg3 31. fxg3 Bf3 32. Rd2 Qxg3+ 33. Kf1 Bxe4 34. Ne3 Ra8 35. Ke2 Ra1 36. Nd1 Bf3+ 0-1

[Event "Nittenau-ch 10th"]
[Site "Nittenau"]
[Date "2010.09.19"]
[Round "5"]
[White "Romic, Jure"]
[Black "Auchtor, Heribert"]
[Result "0-1"]
[WhiteElo "1366"]
[BlackElo "1399"]
[PlyCount "96"]
[EventDate "2010.09.17"]
[EventType "swiss"]
[EventRounds "5"]
[EventCountry "GER"]
[SourceTitle "EXT 2022"]
[Source "ChessBase"]
[SourceDate "2021.10.06"]
[SourceVersion "1"]
[SourceVersionDate "2021.10.06"]
[SourceQuality "1"]

1. d4 Nf6 2. c4 e5 3. dxe5 Ng4 4. Nf3 Bc5 5. e3 Nc6 6. Nc3 Ncxe5 7. a3 a5 8. h3 Nxf3+ 9. Qxf3 Ne5 10. Qe4 d6 11. f4 Qh4+ 12. Kd1 f5 13. Qd5 c6 14. Qd2 Ng6 15. Na4 0-0 16. Kc2 Re8 17. Qc3 Qf2+ 18. Kb1 Bxe3 19. Ka2 Bd4 20. Qd2 b5 21. cxb5 Be6+ 22. Kb1 cxb5 23. Qxf2 Bxf2 24. Nc3 b4 25. Nb5 Rad8 26. axb4 axb4 27. Ra6 d5 28. Nc7 Bc8 29. Ra5 Re1 30. g4 Be3 31. Bg2 Rxc1+ 32. Rxc1 Bxc1 33. Kxc1 Nxf4 34. Bxd5+ Nxd5 35. Nxd5 fxg4 36. hxg4 Bxg4 37. Nxb4 h5 38. Rg5 Kh7 39. Nd5 Kh6 40. Re5 h4 41. Ne3 Rd4 42. Rf5 h3 43. Rf2 Kg5 44. Kc2 Rf4 45. Rh2 Rf3 46. Kd3 Kf4 47. b4 Rxe3+ 48. Kc4 Kg3 0-1